000
00216nam a22000857a 4500
008
170306b xxu||||| |||| 00| 0 eng d
100
_9
3032
_a
Jain.R.K.
245
_a
English Communicative-IX
260
_a
New Delhi
_b
APC
_c
2010
999
_c
6277
_d
6277